Statistics for Champions League Top Goalscorers.

Click here to take the quiz!

General Stats

  • This quiz has been taken 34 times
    (11 since last reset)
  • The average score is 23 of 56

Answer Stats

#NationalityClubsPlayer% Correct
120PortugalMan Utd, Real MadridCristiano Ronaldo
100%
53FranceLyon, Real MadridKarim Benzema
100%
100ArgentinaBarcelonaLionel Messi
100%
71SpainReal Madrid, SchalkeRaul Gonzalez
100%
45PolandDortmund, BayernRobert Lewandowski
100%
48SwedenAjax, Juventus, Inter, Barcelona, Milan, PSG, Man UtdZlatan Ibrahimovic
100%
44Ivory CoastMarseille, Chelsea, GalatasarayDidier Drogba
86%
49ArgentinaReal MadridAlfredo Di Stefano
71%
32UruguayNapoli, PSGEdinson Cavani
71%
35HungaryBudapest Honved, Real MadridFerenc Puskas
71%
34GermanyBayernGerd Muller
71%
30CameroonMallorca, Barcelona, Inter, ChelseaSamuel Eto'o
71%
42GermanyBayernThomas Muller
71%
30EnglandMan UtdWayne Rooney
71%
42ItalyJuventusAlessandro Del Piero
57%
48UkraineDynamo Kyiv, Milan, ChelseaAndriy Shevchenko
57%
47PortugalBenficaEusebio da Silva
57%
46ItalyJuventus, MilanFilippo Inzaghi
57%
29NetherlandsAjax, BarcelonaPatrick Kluivert
57%
25NetherlandsArsenal, Man UtdRobin van Persie
57%
56NetherlandsPSV, Man Utd, Real MadridRuud van Nistelrooy
57%
31ArgentinaAtletico Madrid, Man CitySergio Aguero
57%
50FranceMonaco, Arsenal, BarcelonaThierry Henry
57%
29NetherlandsPSV, Chelsea, Real Madrid, BayernArjen Robben
43%
29FranceMonaco, JuventusDavid Trezeguet
43%
30SpainReal Madrid, Monaco, Liverpool, ValenciaFernando Morientes
43%
25ArgentinaParma. Lazio, Inter, Chelsea, MilanHernan Crespo
43%
27BrazilBarcelona, PSGNeymar da Silva
43%
24EnglandMan UtdPaul Scholes
43%
28WalesMan UtdRyan Giggs
43%
21EnglandLiverpoolSteven Gerrard
43%
23EnglandChelsea, Man CityFrank Lampard
29%
22ArgentinaReal Madrid, Napoli, JuventusGonzalo Higuain
29%
26GermanyStuttgart, BayernMario Gomez
29%
27BrazilBarcelona, Milan, OlympiacosRivaldo Ferreira
29%
29NetherlandsDeportivo La Coruna, BayernRoy Makaay
29%
20SpainLiverpool, Chelsea, Atletico MadridFernando Torres
14%
32SpainReal MadridFrancisco Gento
14%
25BrazilBayern, LyonGiovane Elber
14%
23FinlandAjax, LiverpoolJari Litmanen
14%
21PortugalBenficaJose Torres
14%
24PortugalBarcelona, Real Madrid, InterLuis Figo
14%
21BrazilShakhtar, Spartak MoscowLuiz Adriano
14%
24ItalyMilan, PSG, MonacoMarco Simone
14%
25BrazilPorto, GalatasarayMario Jardel
14%
20FranceArsenal, Real Madrid, PSG, ChelseaNicolas Anelka
14%
30BrazilMilan, Real MadridRicardo Kaka
14%
21SpainReal MadridAmancio
0%
20SpainArsenal, Barcelona, ChelseaCesc Fabregas
0%
21PeruBayern, Werder BremenClaudio Pizarro
0%
28FranceMarseille, Milan, BayernJean-Pierre Papin
0%
24BrazilMilan, JuventusJose Altafini
0%
20BelgiumAnderlechtPaul van Himst
0%
20BrazilBarcelona, PSVRomario
0%
22SpainReal MadridSantillana
0%
20UkraineDynamo KyivSerhiy Rebrov
0%

Score Distribution

Percentile by Number Answered

Percent of People with Each Score

Your Score History

You have not taken this quiz since the last reset